| 000 | 01275nam a2200253 a 4500 | ||
|---|---|---|---|
| 001 | ASIN0618395997 | ||
| 003 | OSt | ||
| 005 | 20180116192420.0 | ||
| 008 | 140128s2006 xxu eng d | ||
| 020 |
_a0618395997 (paperback) _c$94.95 |
||
| 020 | _a9780618395996 (paperback) | ||
| 040 | _csada | ||
| 050 | 0 | 4 | _aJZ1318 |
| 082 | 0 | 4 | _a327.101 |
| 100 | 1 |
_aKesselman, Mark. _97266 |
|
| 245 | 1 | 4 |
_aThe politics of globalization : _ba reader / _cMark Kesselman. |
| 250 | _a1st ed. | ||
| 260 |
_a[S.l.] : _bHoughton Mifflin, _c2006. |
||
| 300 |
_a528 p. ; _c24 cm. |
||
| 520 | _aThe broad range of selections in this reader gives students a foundation for understanding globalization. Each of the four sections--an introduction to the topic; political economy; civil society; and governance--examine the national and intra-national implications of globalization. The readings present views both for and against globalization and include scholarly discussions and a diverse range of selections on emerging topics. The writing style and format of the readings make them accessible to students at all levels of understanding. | ||
| 650 | 0 |
_aGlobalization _97267 |
|
| 856 | 4 | 0 |
_3Amazon.com _uhttp://www.amazon.com/exec/obidos/ASIN/0618395997/chopaconline-20 |
| 942 |
_2ddc _cBK |
||
| 999 |
_c353880 _d353880 |
||